Alternate Dispute Resolution (ADR)/ (Record no. 612997)

000 -LEADER
fixed length control field 00354nam a22001337a 4500
082 ## - DEWEY DECIMAL CLASSIFICATION NUMBER
Classification number 346.04
Author Mark SHA
100 ## - MAIN ENTRY--PERSONAL NAME
Personal name Shaheen, Muhammad Saleem
245 ## - TITLE STATEMENT
Title Alternate Dispute Resolution (ADR)/
Statement of responsibility, etc. Muhammad Saleem Shaheen
260 ## - PUBLICATION, DISTRIBUTION, ETC.
Place of publication, distribution, etc. Lahore:
Name of publisher, distributor, etc. Mansoor Law Book house.
300 ## - PHYSICAL DESCRIPTION
Extent 280p. ;
563 ## - BINDING INFORMATION
Binding note HB
650 ## - SUBJECT ADDED ENTRY--TOPICAL TERM
Topical term or geographic name entry element Law
942 ## - ADDED ENTRY ELEMENTS (KOHA)
Source of classification or shelving scheme
Koha item type Book
650 ## - SUBJECT ADDED ENTRY--TOPICAL TERM
-- 35302
Holdings
Withdrawn status Lost status Source of classification or shelving scheme Damaged status Not for loan Permanent Location Current Location Date acquired Total Checkouts Full call number Barcode Date last seen Price effective from Koha item type Source of acquisition
          NUST Law School (NLS) NUST Law School (NLS) 02/27/2025   346.04 SHA NLS-141 02/27/2025 02/27/2025 Book  
          NUST Law School (NLS) NUST Law School (NLS) 02/27/2025   346.04 SHA NLS-142 02/27/2025 02/27/2025 Book  
          NUST Law School (NLS) NUST Law School (NLS) 02/27/2025   346.04 SHA NLS-143 02/27/2025 02/27/2025 Book  
          NUST Law School (NLS) NUST Law School (NLS) 02/27/2025   346.04 SHA NLS-144 02/27/2025 02/27/2025 Book  
          NUST Law School (NLS) NUST Law School (NLS) 06/27/2025   346.04 SHA NLS-2220 06/27/2025 06/27/2025 Book Allied Book Company
          NUST Law School (NLS) NUST Law School (NLS) 06/27/2025   346.04 SHA NLS-2221 06/27/2025 06/27/2025 Book Allied Book Company
          NUST Law School (NLS) NUST Law School (NLS) 06/27/2025   346.04 SHA NLS-2222 06/27/2025 06/27/2025 Book Allied Book Company
          NUST Law School (NLS) NUST Law School (NLS) 06/27/2025   346.04 SHA NLS-2223 06/27/2025 06/27/2025 Book Allied Book Company
          NUST Law School (NLS) NUST Law School (NLS) 06/28/2025   346.04 SHA NLS-2581 06/28/2025 06/28/2025 Book  
          NUST Law School (NLS) NUST Law School (NLS) 06/28/2025   346.04 SHA NLS-2582 06/28/2025 06/28/2025 Book  
          NUST Law School (NLS) NUST Law School (NLS) 06/28/2025   346.04 SHA NLS-2583 06/28/2025 06/28/2025 Book  
© 2023 Central Library, National University of Sciences and Technology. All Rights Reserved.